Why? : (Record no. 8952)

MARC details
000 -LEADER
fixed length control field 00900nam a22002657a 4500
001 - CONTROL NUMBER
control field 8952
003 - CONTROL NUMBER IDENTIFIER
control field FISKH
005 - DATE AND TIME OF LATEST TRANSACTION
control field 20251111095223.0
008 - FIXED-LENGTH DATA ELEMENTS--GENERAL INFORMATION
fixed length control field 251111b cb ||||| |||| 00| 0 eng d
040 ## - CATALOGING SOURCE
Original cataloging agency FISKH
Language of cataloging eng
Transcribing agency FISKH
Modifying agency FISKH
050 ## - LIBRARY OF CONGRESS CALL NUMBER
Classification number AG195
082 ## - DEWEY DECIMAL CLASSIFICATION NUMBER
Classification number 030
100 ## - MAIN ENTRY--PERSONAL NAME
Personal name Smith, Kathie Billingslea
Relator term Author
245 ## - TITLE STATEMENT
Title Why? :
Remainder of title A question book from discovery toys /
Statement of responsibility, etc. By Kathie Billingslea Smith ; Illustrated by Robert S. Storms
260 ## - PUBLICATION, DISTRIBUTION, ETC.
Place of publication, distribution, etc. Martinez :
Name of publisher, distributor, etc. Ottenheimer ,
Date of publication, distribution, etc. 1985
300 ## - PHYSICAL DESCRIPTION
Extent 24 unnumbered pages :
Other physical details color illustrations ;
Dimensions 21 cm
505 ## - FORMATTED CONTENTS NOTE
Formatted contents note G<br/>
520 ## - SUMMARY, ETC.
Summary, etc. Provides the answers to common questions concerning subjects such as gravity, bees, baldness, tides, and the moon
521 8# - TARGET AUDIENCE NOTE
Target audience note 400<br/>
Source Lexile estimate<br/>
521 8# - TARGET AUDIENCE NOTE
Target audience note G<br/>
Source Raz-Plus<br/>
650 ## - SUBJECT ADDED ENTRY--TOPICAL TERM
Topical term or geographic name entry element Science nonfiction
Form subdivision Question book
700 ## - ADDED ENTRY--PERSONAL NAME
Personal name Storms, Robert S.
942 ## - ADDED ENTRY ELEMENTS (KOHA)
Source of classification or shelving scheme Dewey Decimal Classification
Koha item type Books
Suppress in OPAC No
Holdings
Withdrawn status Lost status Source of classification or shelving scheme Damaged status Not for loan Home library Current library Shelving location Date acquired Total Checkouts Full call number Barcode Date last seen Copy number Price effective from Koha item type
    Dewey Decimal Classification     Footprints International School Library Network Toul Tom Poung Campus Footprints International School Library Network Toul Tom Poung Campus TTP Primary Dark Blue Bookshelves 11/11/2025   SMI 030 AG195 FISBK05905 11/11/2025 1 11/11/2025 Books